La Comunidad : Módulo III Primer ciclo de Educación Básica de Personas Jóvenes y Adultas (Record no. 8481)

MARC details
000 -LEADER
campo de control de longitud fija 00426nam a2200133Ia 4500
001 - NÚMERO DE CONTROL
campo de control 3043
008 - DATOS DE LONGITUD FIJA--INFORMACIÓN GENERAL
campo de control de longitud fija 241024s9999 xx 000 0 und d
082 ## - NÚMERO DE LA CLASIFICACIÓN DECIMAL DEWEY
Número de clasificación RD/374.715/R426c/3-1
100 ## - ENTRADA PRINCIPAL--NOMBRE DE PERSONA
Nombre de persona República Dominicana. Ministerio de Educación
245 #0 - MENCIÓN DEL TÍTULO
Título La Comunidad : Módulo III Primer ciclo de Educación Básica de Personas Jóvenes y Adultas
260 ## - PUBLICACIÓN, DISTRIBUCIÓN, ETC.
Nombre del editor, distribuidor, etc. Centenario
Fecha de publicación, distribución, etc. 2013
901 ## - ELEMENTOS DE DATOS A LOCAL LDA (RLIN)
a 23/7/2013 8:37:47 a.m.

No items available.

© 2024. Todos los Derechos Reservados. Desarrollado por IDEICE